| 000 | 00663nam a2200217 4500 | ||
|---|---|---|---|
| 003 | OSt | ||
| 005 | 20240701051952.0 | ||
| 006 | a | ||
| 008 | 240701b |||||||| |||| 00| 0 eng d | ||
| 020 | _a9780137067817 | ||
| 040 |
_aDWCL-Main lib. _cOC |
||
| 082 |
_2Sixth edition _aCirc. 005.133 F911p 2011 |
||
| 100 | _aFriedman, Frank L. | ||
| 245 | _aProblem solving, abstraction, and design using C++ / | ||
| 250 | _aSixth edition | ||
| 260 |
_aBoston : _bPearson Education, Inc. _cc2011. |
||
| 300 |
_b903 p. : ill. ; _c23 cm. |
||
| 504 | _aIncludes index. | ||
| 650 | _a1. C++ (Computer program language). | ||
| 942 |
_2ddc _n0 _cBK-CIRC _eSixth edition _kCirc. |
||
| 999 |
_c1702 _d1702 |
||